000 00334nam a2200133Ia 4500
008 240624s9999 xx 000 0 und d
041 _aeng
082 _a658 PRE
100 _aPREIS MICHAEL
245 _a101 THINGS I LEARNED IN BUSINESS SCHOOL
260 _c2010
_aNew Delhi
_bHachette India
300 _a102 : p.
365 _cRS
_b25
999 _c17330
_d17330